00793nam a22002295i 4500001000700000003000900007005001700016008004100033080001600074100001800090245009300108260005700201300002900258490005400287500001400341504003500355650003200390700002200422700002900444830005400473852003600527176257ES-MaACL20230906220030.0101228s1934 fr |||| | fre d a94(100)"15"1 aSée, Henri.13aLe XVIe siècle / cpar Henri Sée et Armand Rebillon ; avant-propos de S. Charléty. aParis : bPresses Universitaires de France, c[1934] aXXIII, 410 p. ; c20 cm.1 aClio, introduction aux études historiques ; v6 aÍndice. aBibliografía: p. XVII-XXIII. 4aHistoria universal-yS.XVI.1 aRebillon, Armand.1 aCharléty, Sébastien.1 aClio, introduction aux études historiques ; v6 aES-MaACLjE-13920 xOlim P-671